Jednostki układu SI-podstawowe - Statystyki

Ogólne statystyki
  • Ten quiz został rozwiązany 45 razy
  • Średni wynik to 5 z 7
Statystyki odpowiedzi
Wielkość Jednostki układu SI % Poprawnych
Masa Kilogram
100%
Długość Metr
100%
Czas Sekunda
100%
Natężenie prądu elektrycznego Amper
76%
Temperatura Kelwin
71%
liczność materii mol
36%
światłość (źródła światła) kandela
29%
Nie znaleziono quizów pasujących do podanych kryteriów
Rozkład punktacji
Procent ludzi z każdym wynikiem
Percentyl według liczby udzielonych odpowiedzi
Twoja historia wyników
Nie rozwiązałeś tego quizu